00342pab a2200133 454500008004000000100001900040245004800059260000900107300001400116362000800130650003000138650001400168773002600182180718b2001 xxu||||| |||| 00| 0 eng d aFisher, Justin aCampaign finance: elections under new rules c2001 ap.689-700 aOct aElections - Great Britain aElections aParliamentary Affairs